Statistics for Random 'Top and Tail' Word Quiz - D

Click here to take the quiz!

General Stats

  • This quiz has been taken 83 times
  • The average score is 11 of 20

Answer Stats

HintLettersAnswer% Correct
Celtic priest5Druid
100%
Devoid of life4Dead
91%
Document showing the legal right of ownership of a property4Deed
90%
Go down7Descend
89%
Resist an attack6Defend
88%
Rely on something6Depend
87%
Payment distributed to a company's shareholders8Dividend
87%
Fearful anticipation5Dread
87%
Michelangelo's famous sculpture5David
83%
Request urgently and forcefully6Demand
83%
Greatly pleased9Delighted
80%
Gemstone7Diamond
80%
Beaten, not victorious8Defeated
78%
Hated8Detested
76%
Water from which salt has been removed11Desalinated
69%
Completely lacking6Devoid
67%
Triangular muscle covering the shoulder joint7Deltoid
65%
Instrument panel in an automobile9Dashboard
62%
Strongly motivated to achieve something10Determined
62%
Person who is part mortal and part god7Demigod
60%
Sent in a different direction from the planned one8Diverted
56%
Robotic machine5Droid
56%
Condemned to eternal punishment6Damned
50%
Lack of agreement or harmony7Discord
50%
Place where ships are built and repaired8Dockyard
50%
Timber floating or washed ashore9Driftwood
43%
Crustacean, typically with ten 'legs'7Decapod
33%
Tree of the genus Cornus which has hard tough wood7Dogwood
30%
Dispose of something that is no longer useful7Discard
29%
Nymph of the woods5Dryad
29%
Removal of faded or dying flowers from a plant8Deadhead
27%
Someone who adheres to traditional views7Diehard
21%
Tax in Anglo-Saxon times paid to Viking invaders8Danegeld
17%
Restricted to working in an office9Deskbound
17%
Be temporarily blinded by a bright light7Dazzled
15%
Retractable keel used on some small sailing craft11Daggerboard
13%
Twisted out of shape9Distorted
11%
Small aquatic plant that floats on the surface of ponds8Duckweed
6%
Old person, especially one who is weak and confused6Dotard
0%
County in Wales5Dyfed
0%

Score Distribution

Percentile by Number Answered

Percent of People with Each Score

Your Score History

You have not taken this quiz